000 00726cam a22002531 4500
001 6022271
003 GBCCL
005 20241126110352.0
008 770401s1950 miu 000 0 eng
010 _a 50013488
035 _a(OCoLC)2855823
040 _aDLC
_cMnManBS
_dDLC
042 _apremarc
050 0 0 _aBS476
_b.B45
082 _a220.601
_bBER
100 1 _aBerkhof, Louis,
_d1873-
_91901
245 0 0 _aPrinciples of Biblical interpretation;
_bsacred hermeneutics.
260 _aGrand Rapids,
_bBaker Book House,
_c1950.
300 _a169 p.
_c23 cm.
504 _aIncludes bibliographies.
630 0 0 _aBible
_xHermeneutics.
_91790
906 _a7
_bcbc
_coclcrpl
_du
_encip
_f19
_gy-gencatlg
942 _2ddc
_cBK
_013
999 _c1068
_d1068